Central Library OPAC University of Rajshahi

Electric machinery : (Record no. 12781)

MARC details
000 -LEADER
fixed length control field 00749cam a22002411 4500
001 - CONTROL NUMBER
control field 12781
003 - CONTROL NUMBER IDENTIFIER
rucl marc code BD-RjUL
005 - DATE AND TIME OF LATEST TRANSACTION
control field 20211208235344.0
008 - FIXED-LENGTH DATA ELEMENTS--GENERAL INFORMATION
fixed length control field 140129r19641958nyua 001 0 eng
035 ## - SYSTEM CONTROL NUMBER
System control number (BD-RjUL)12831
System control number (OCoLC)1321143
040 ## - CATALOGING SOURCE
Original cataloging agency DLC
Transcribing agency OTU
Modifying agency BD-RjUL
-- Uk
-- DLC
Language of cataloging eng
041 ## - LANGUAGE CODE
Language code of text/sound track or separate title eng
082 ## - DEWEY DECIMAL CLASSIFICATION NUMBER
Classification number 621.313
Author mark and year CAE 1964
100 1# - MAIN ENTRY--PERSONAL NAME
Personal name Carr, Clifford C.
Fuller form of name (Clifford Chuthorn),
Dates associated with a name 1898-1960.
9 (RLIN) 39838
245 10 - TITLE STATEMENT
Title Electric machinery :
Remainder of title a coordinated presentation of a-c and d-c machines /
Statement of responsibility, etc. Clifford C. Carr
260 ## - PUBLICATION, DISTRIBUTION, ETC. (IMPRINT)
Place of publication, distribution, etc. New York :
Name of publisher, distributor, etc. Wiley,
Date of publication, distribution, etc. c1958 [reprint 1964].
300 ## - PHYSICAL DESCRIPTION
Pagination x, 537 p. :
Illustrations ill. ;
Size 23 cm.
504 ## - BIBLIOGRAPHY, ETC. NOTE
Bibliography, etc Include index.
650 #0 - SUBJECT ADDED ENTRY--TOPICAL TERM
Topical term or geographic name as entry element Electric machinery.
9 (RLIN) 39839
942 ## - ADDED ENTRY ELEMENTS (KOHA)
Source of classification or shelving scheme Dewey Decimal Classification
Koha item type Books
Holdings
Lost status Source of classification or shelving scheme Damaged status Not for loan Collection code Permanent Location Current Location Shelving location Date acquired Source of acquisition Cost, normal purchase price Total Checkouts Full call number Date last seen Copy number Koha item type
  Dewey Decimal Classification   Not For Loan Non-fiction Central Library, University of Rajshahi Central Library, University of Rajshahi Reading Room 13/11/2067 Zeitlinger 76.00   621.313 CAE 1964 29/01/2014 C-1 Books
  Dewey Decimal Classification     Non-fiction Central Library, University of Rajshahi Central Library, University of Rajshahi   29/11/1967 Swet and Zeithinger 0.00   621.313 CAE 1964 02/02/2014 C-2 Books
  Dewey Decimal Classification     Non-fiction Central Library, University of Rajshahi Central Library, University of Rajshahi   13/11/1967 Zeitlinger 76.00   621.313 CAE 1964 28/05/2017 C-3 Books
  Dewey Decimal Classification     Non-fiction Central Library, University of Rajshahi Central Library, University of Rajshahi   13/11/1967 Zeitlinger 76.00   621.313 CAE 1964 28/05/2017 C-4 Books
  Dewey Decimal Classification     Non-fiction Central Library, University of Rajshahi Central Library, University of Rajshahi   13/11/1967 Zeitlinger 76.00   621.313 CAE 1964 28/05/2017 C-5 Books